Compendium of rose diseases

Salvato in:
Dettagli Bibliografici
Autore principale: Horst, Ralph Kenneth (Autore)
Natura: Libro
Lingua:inglese
Pubblicazione: Saint Paul APS 1983
Soggetti:
Tags: Aggiungi Tag
Nessun Tag, puoi essere il primo ad aggiungerne!!

MARC

LEADER 00000nam a2200000 a 4500
001 UCX8407
003 CL-VaPUC
008 940331e19830000US |||||||||||||||||eng|d
082 0 4 |a 635.933734  |b HOR  |2 21 
100 0 |a Horst, Ralph Kenneth  |e author  |9 325526 
245 1 0 |a Compendium of rose diseases 
246 1 0 |a Rose diseases 
300 |a 50 p 
942 |c BK 
945 |d 19940331 00:00:00  |a mfernand 
260 |a Saint Paul  |b APS  |c 1983 
650 7 |a ROSAS - ENFERMEDADES Y PLAGAS  |2 CL-VaPUC  |9 325527 
583 |a last modification  |c 20120731 09:35:52  |k Rodrigo Vera 
999 |c 227918  |d 227916 
952 |0 0  |1 0  |4 0  |6 635_933734000000000_HOR_1983  |7 0  |8 A  |9 227225  |a BIBAGR  |b BIBAGR  |d 2019-11-15  |i 2964937  |l 1  |o 635.933734 HOR 1983  |p 2964937  |r 2025-01-20  |s 2024-08-09  |w 2019-11-15  |y BK  |k AGR